000 00742nas a2200241 4500
001 BR8705907
003 BR-BrBNA
005 20231205090822.0
007 ta
008 230509b bl.|||p| |||| 00| 00por d
040 _aBR-BrBNA
_bpor
_cBiblioteca Nacional de Agricultura
041 _a(Pt)
072 _aL72
100 1 _aOlivieri, J.A.
100 1 _aFreire, N.M.S.
245 1 _aEstadio larval do ciclo biologico de Amblyomma cajennense
650 _aCARRAPATO
650 _aPARASITO DE ANIMAL
650 _aBOVINO
773 0 _tArquivos da Universidade Federal Rural do Rio de Janeiro (Brazil)
_xISSN 0100-2481
_g(Jul-Dec 1984), v. 7(2) p. 139-147
_wBR8705907
909 _a202311
_bLúcia
_c55
_dLúcia Elande
942 _2AGRIS
_n0
_cANA
999 _c121044
_d121044